Roman Portugal /

Bibliographic Details
Main Author: Alarcão, Jorge de
Format: Book
Language:English
Published: Warminster : Aris & Phillips, 1988.
Subjects:

MARC

Tag First Indicator Second Indicator Subfields
LEADER 00000cam a22000008a 4500
001 in00003450149
005 20151206103706.0
008 880406s1988 enka 00110 eng d
010 |a gb 88027502  
015 |a GB88-27502 
020 |a 0856683930 (pbk) 
020 |a 0856682896 (v.1) : 
020 |a 0856683906 (v.2(pt.1)) : 
020 |a 0856683914 (v.2(pt.2)) : 
020 |a 0856683922 (v.2(pt.3)) : 
035 |a (OCoLC)ocm17839840 
040 |a UKM  |c UKM  |d TNY  |d UtOrBLW 
082 0 |a 936.6/03  |2 19 
090 |a DP528  |b .A43 1988 
100 1 |a Alarcão, Jorge de. 
245 1 0 |a Roman Portugal /  |c by J. de Alarcão. 
264 1 |a Warminster :  |b Aris & Phillips,  |c 1988. 
300 |a 2 volumesin 4 :  |b illustrations ;  |c 31 cm. 
336 |a text  |b txt  |2 rdacontent 
337 |a unmediated  |b n  |2 rdamedia 
338 |a volume  |b nc  |2 rdacarrier 
504 |a Includes bibliography and index. 
505 0 |a V. 1. Introduction -- v. 2. Gazetteer (Inventario). Fasc. 1. Porto, Braganca & Viseu -- Fasc. 2. Coimbra & Lisboa -- Fasc. 3. Evora, Faro & Lagos. 
651 0 |a Portugal  |x Antiquities. 
651 0 |a Portugal  |x History  |y To 1385. 
650 0 |a Classical antiquities. 
999 |a MARS 
999 f f |s df12fc0d-8ab9-36cd-8f94-e8e5c84ffec2  |i c13d7f15-5b8b-3806-b414-53a91f169aec  |t 0 
952 f f |p ric  |a Texas A&M University  |b Rellis Campus  |c Joint Library Facility  |d Remote Storage  |t 0  |e DP528 .A43 1988  |h Library of Congress classification  |i unmediated -- volume  |k v.2 fasc.3  |m 32060005557521 
952 f f |p ric  |a Texas A&M University  |b Rellis Campus  |c Joint Library Facility  |d Remote Storage  |t 0  |e DP528 .A43 1988  |h Library of Congress classification  |i unmediated -- volume  |k v.2 fasc.1  |m 32060005557638 
952 f f |p ric  |a Texas A&M University  |b Rellis Campus  |c Joint Library Facility  |d Remote Storage  |t 0  |e DP528 .A43 1988  |h Library of Congress classification  |i unmediated -- volume  |k v.2 fasc.2  |m 32060005557570 
952 f f |p ric  |a Texas A&M University  |b Rellis Campus  |c Joint Library Facility  |d Remote Storage  |t 0  |e DP528 .A43 1988  |h Library of Congress classification  |i unmediated -- volume  |k v.1  |m 32060004529919 
998 f f |a DP528 .A43 1988  |t 0  |l Remote Storage